[Event "World Blitz 2025"]
[Site "Doha QAT"]
[Date "2025.12.30"]
[Round "15.32"]
[White "Mamedyarov, Shakhriyar"]
[Black "Uskov, Artem"]
[Result "1-0"]
[WhiteTitle "GM"]
[BlackTitle "GM"]
[WhiteElo "2730"]
[BlackElo "2516"]
[WhiteFideId "13401319"]
[BlackFideId "34254854"]
[EventDate "2025.12.29"]

1. c4 e5 2. Nc3 Nf6 3. g3 Bb4 4. Bg2 O-O 5. e4 Bxc3 6. bxc3 c6 7. Ne2 d5 8. exd5
cxd5 9. d4 exd4 10. O-O Bg4 11. h3 Bxe2 12. Qxe2 Nc6 13. cxd5 Nxd5 14. cxd4 Re8
15. Qb5 Nb6 16. Be3 Nxd4 17. Qb2 Nc6 18. a4 Qe7 19. Rfc1 Ne5 20. Qb3 Rac8 21. a5
Nbc4 22. Qxb7 Rc7 23. Qb5 Rec8 24. Bf4 Rc5 25. Qb7 R8c7 26. Qe4 Nd6 27. Qa8+ Rc8
28. Rxc5 Rxa8 29. Bxa8 Ng6 30. Bxd6 Qxd6 31. Rc8+ Nf8 32. Rb1 g6 33. Rbb8 Kg7
34. Rxf8 Qc7 35. Rxf7+ 1-0

[Event "World Blitz 2025"]
[Site "Doha QAT"]
[Date "2025.12.30"]
[Round "15.33"]
[White "Warmerdam, Max"]
[Black "Murzin, Volodar"]
[Result "1/2-1/2"]
[WhiteTitle "GM"]
[BlackTitle "GM"]
[WhiteElo "2573"]
[BlackElo "2648"]
[WhiteFideId "1048104"]
[BlackFideId "44155573"]
[EventDate "2025.12.29"]

1. Nf3 Nf6 2. c4 g6 3. Nc3 Bg7 4. e4 O-O 5. d4 d6 6. Be2 e5 7. d5 a5 8. Be3 Na6
9. h3 Nd7 10. a3 Nb6 11. O-O Bd7 12. Rb1 Nc5 13. b4 axb4 14. axb4 Nba4 15. bxc5
Nxc3 16. Qc2 Nxb1 17. Rxb1 Qc8 18. Qb2 Re8 19. Bf1 dxc5 20. Bxc5 b6 21. Be3 Ra4
22. Qc2 Qa8 23. c5 bxc5 24. Qxc5 Rxe4 25. Ng5 Ra4 26. Bc4 h6 27. Nxf7 Kxf7 28.
d6+ Rxc4 29. Qxc4+ Be6 30. Qxc7+ Kg8 31. Rb7 Qa1+ 32. Kh2 e4 33. Bxh6 Be5+ 34.
g3 Bxg3+ 35. fxg3 Qa2+ 36. Kg1 Qa1+ 37. Bc1 Qh8 38. Bb2 Qh6 39. Qc3 Bf7 40. Rxf7
Kxf7 41. d7 Rf8 42. Qf6+ Kg8 43. d8=Q Qe3+ 44. Kg2 Qe2+ 45. Kg1 Qe1+ 46. Kg2
Qe2+ 1/2-1/2

[Event "World Blitz 2025"]
[Site "Doha QAT"]
[Date "2025.12.30"]
[Round "15.34"]
[White "Svane, Rasmus"]
[Black "Yakubboev, Nodirbek"]
[Result "0-1"]
[WhiteTitle "GM"]
[BlackTitle "GM"]
[WhiteElo "2608"]
[BlackElo "2691"]
[WhiteFideId "4657101"]
[BlackFideId "14203987"]
[EventDate "2025.12.29"]

1. Nf3 d6 2. d4 g6 3. e4 Nf6 4. Bd3 Bg7 5. O-O O-O 6. h3 Nc6 7. Re1 e5 8. c3 Nh5
9. Bg5 Qe8 10. dxe5 dxe5 11. Be3 Qe7 12. b4 Rd8 13. Qc2 Nf4 14. Bxf4 exf4 15.
Nbd2 Ne5 16. Be2 a5 17. a3 h5 18. Rac1 axb4 19. axb4 Be6 20. Ra1 c5 21. Nxe5
Bxe5 22. Nf3 Bg7 23. bxc5 Qxc5 24. e5 Bxe5 25. Rxa8 Rxa8 26. Bd3 Bf6 27. c4 Kg7
28. Bxg6 Qxc4 29. Qxc4 Bxc4 30. Be4 Rb8 31. Nd2 Be6 32. Rb1 b5 33. Nb3 Bc4 34.
Na5 Ba2 35. Rd1 b4 36. Nc6 Rb6 37. Nxb4 Rxb4 38. Bf3 h4 39. Rd2 Be6 40. Kh2 Rb2
41. Rxb2 Bxb2 42. Kg1 Bc4 43. Be4 Bd4 44. Bf3 Kf6 45. Be4 0-1

[Event "World Blitz 2025"]
[Site "Doha QAT"]
[Date "2025.12.30"]
[Round "15.35"]
[White "Moussard, Jules"]
[Black "Anton Guijarro, David"]
[Result "1/2-1/2"]
[WhiteTitle "GM"]
[BlackTitle "GM"]
[WhiteElo "2600"]
[BlackElo "2646"]
[WhiteFideId "642908"]
[BlackFideId "2285525"]
[EventDate "2025.12.29"]

1. c4 e6 2. Nc3 d5 3. d4 Bb4 4. cxd5 exd5 5. a3 Bxc3+ 6. bxc3 Nf6 7. e3 Bf5 8.
f3 Nc6 9. Ne2 h5 10. Nf4 O-O 11. Bd3 Bxd3 12. Qxd3 Re8 13. O-O Na5 14. Ra2 c5
15. Re2 Rc8 16. e4 cxd4 17. cxd4 dxe4 18. fxe4 Nc6 19. Bb2 Qb6 20. Kh1 Rxe4 21.
Rxe4 Nxe4 22. Qxe4 Qxb2 23. d5 Qe5 24. Qa4 Nd4 25. h3 Nf5 26. Nxh5 g6 27. Qf4
Qxf4 28. Rxf4 Rd8 29. g4 gxh5 30. Rxf5 hxg4 31. hxg4 Rd6 32. Kg2 Kf8 33. a4 Ra6
34. Rf4 Ra5 35. Rd4 Ke7 36. Kf3 Kd6 37. Ke4 b5 38. axb5 Rxb5 39. g5 a5 40. Kf5
Rxd5+ 41. Rxd5+ Kxd5 42. Kf6 a4 43. Kxf7 a3 44. g6 1/2-1/2

[Event "World Blitz 2025"]
[Site "Doha QAT"]
[Date "2025.12.30"]
[Round "15.36"]
[White "Alekseenko, Kirill"]
[Black "Makhnev, Denis"]
[Result "1-0"]
[WhiteTitle "GM"]
[BlackTitle "GM"]
[WhiteElo "2659"]
[BlackElo "2532"]
[WhiteFideId "4135539"]
[BlackFideId "13707647"]
[EventDate "2025.12.29"]

1. e4 e5 2. Nf3 Nc6 3. Bc4 Bc5 4. d3 Nf6 5. Nc3 a6 6. a4 h6 7. h3 d6 8. Be3 O-O
9. O-O Re8 10. Bxc5 dxc5 11. Nd5 Qd6 12. Ne3 Rb8 13. Nh4 b5 14. Ba2 Ne7 15. Qf3
c6 16. g4 Be6 17. Nhf5 Nxf5 18. Nxf5 Qd8 19. axb5 cxb5 20. Qe3 c4 21. b4 Qc7 22.
Rfd1 Red8 23. d4 exd4 24. Nxd4 Bd7 25. c3 Re8 26. Bb1 Rb6 27. Qf3 Bc8 28. Bc2
Nh7 29. Re1 Ng5 30. Qe3 Rf6 31. e5 Rb6 32. f4 Ne6 33. Qe4 g6 34. f5 Ng5 35. Qe3
Bb7 36. h4 Nh7 37. e6 fxe6 38. fxg6 Nf8 39. Rf1 e5 40. Nf5 Nxg6 41. Nxh6+ Kh8
42. Nf7+ Kg8 43. Nh6+ Kh8 44. Nf5 Qh7 45. h5 Rf6 46. hxg6 Qh1+ 47. Kf2 Qg2+ 48.
Ke1 Rxg6 49. Rf2 Qg1+ 50. Ke2 Qxg4+ 51. Kd2 Rd8+ 52. Kc1 e4 53. Kb2 1-0

[Event "World Blitz 2025"]
[Site "Doha QAT"]
[Date "2025.12.30"]
[Round "15.37"]
[White "Mamedov, Rauf"]
[Black "Nogerbek, Kazybek"]
[Result "1-0"]
[WhiteTitle "GM"]
[BlackTitle "GM"]
[WhiteElo "2645"]
[BlackElo "2539"]
[WhiteFideId "13401653"]
[BlackFideId "13710427"]
[EventDate "2025.12.29"]

1. e4 e5 2. Nc3 Nf6 3. g3 d5 4. exd5 Nxd5 5. Bg2 Nxc3 6. bxc3 Nc6 7. Nf3 Bc5 8.
O-O O-O 9. Re1 Re8 10. d3 Bg4 11. h3 Bh5 12. g4 Bg6 13. Bg5 f6 14. Be3 Bxe3 15.
Rxe3 Bf7 16. Nd2 Bd5 17. Ne4 Ne7 18. Re1 Ng6 19. d4 Nf4 20. Bf1 exd4 21. Qxd4
Bxe4 22. Rxe4 Qxd4 23. Rxd4 Ne2+ 24. Bxe2 Rxe2 25. Rd7 Rc8 26. Kf1 Re6 27. Re1
Rxe1+ 28. Kxe1 b5 29. Kd2 a6 30. Kd3 h5 31. c4 hxg4 32. hxg4 Kh7 33. f4 Kg6 34.
Kd4 bxc4 35. Kxc4 Rh8 36. f5+ Kh6 37. Rxc7 Re8 38. Rd7 Re2 39. Kd3 Re1 40. Rd4
Kg5 41. c4 Rc1 42. Kd2 Ra1 43. c5 Rxa2+ 44. Kd3 Ra1 45. c6 Rc1 46. Rc4 Rd1+ 47.
Ke4 Rd8 48. c7 Rc8 49. Kd5 a5 50. Kd6 a4 51. Rxa4 1-0

[Event "World Blitz 2025"]
[Site "Doha QAT"]
[Date "2025.12.30"]
[Round "15.38"]
[White "Madaminov, Mukhiddin"]
[Black "Pranav, V"]
[Result "0-1"]
[WhiteTitle "GM"]
[BlackTitle "GM"]
[WhiteElo "2552"]
[BlackElo "2641"]
[WhiteFideId "14210703"]
[BlackFideId "25060783"]
[EventDate "2025.12.29"]

1. e4 e5 2. Nf3 Nc6 3. Bb5 a6 4. Ba4 Nf6 5. O-O Be7 6. d3 b5 7. Bb3 d6 8. Bd2
Bg4 9. c3 Na5 10. Bc2 c5 11. h3 Bh5 12. Bc1 Nc6 13. Re1 O-O 14. Nbd2 Re8 15. a4
Rb8 16. Qe2 d5 17. axb5 axb5 18. Nf1 d4 19. Ng3 Bg6 20. Nh4 Bf8 21. Nhf5 Bxf5
22. Nxf5 g6 23. Nh6+ Kg7 24. Bg5 Be7 25. Ra6 Rb6 26. Rea1 Nd7 27. Bc1 Bg5 28.
Ra8 Ndb8 29. Bxg5 Qxg5 30. Ng4 dxc3 31. bxc3 b4 32. Ba4 Re7 33. Qe3 Qxe3 34.
Nxe3 Rbb7 35. Nd5 Re6 36. Rc1 bxc3 37. Rxc3 Nd7 38. Kh2 Rb2 39. Rd8 Nxd8 40.
Bxd7 Rd6 41. Ba4 Rxf2 42. Rxc5 Ne6 43. Ra5 Nf4 44. Nxf4 exf4 45. Bb5 Rb2 46. Kg1
Rf6 47. Bc4 f3 48. gxf3 Rxf3 49. Ra7 Rg3+ 50. Kf1 Rxh3 51. Rxf7+ Kh6 52. e5 Rh1# 0-1

[Event "World Blitz 2025"]
[Site "Doha QAT"]
[Date "2025.12.30"]
[Round "15.39"]
[White "Daneshvar, Bardiya"]
[Black "Stefansson, Vignir Vatnar"]
[Result "1-0"]
[WhiteTitle "GM"]
[BlackTitle "GM"]
[WhiteElo "2600"]
[BlackElo "2519"]
[WhiteFideId "12576468"]
[BlackFideId "2308649"]
[EventDate "2025.12.29"]

1. e4 c5 2. c3 Nf6 3. e5 Nd5 4. Bc4 Nb6 5. Bb3 Nc6 6. d4 cxd4 7. cxd4 d5 8. Bc2
Nb4 9. Nc3 Nxc2+ 10. Qxc2 Bg4 11. Nge2 Rc8 12. Ng3 h5 13. h3 Bd7 14. Bg5 Qc7 15.
O-O e6 16. Rac1 h4 17. Nge2 Qb8 18. Qd3 a6 19. Rc2 Nc4 20. Rfc1 b5 21. Nb1 Be7
22. Bxe7 Kxe7 23. b3 Nb6 24. Qd2 Rxc2 25. Qb4+ Ke8 26. Rxc2 Rh5 27. Nd2 f6 28.
Nf4 Rh6 29. Nd3 Kf7 30. Nf1 Rh5 31. Ne3 Kg8 32. exf6 gxf6 33. Qe7 Qf8 34. Qxf8+
Kxf8 35. Rc7 Ke7 36. Ng4 Rf5 1-0

[Event "World Blitz 2025"]
[Site "Doha QAT"]
[Date "2025.12.30"]
[Round "15.40"]
[White "Oro, Faustino"]
[Black "Sargsyan, Shant"]
[Result "1/2-1/2"]
[WhiteTitle "IM"]
[BlackTitle "GM"]
[WhiteElo "2503"]
[BlackElo "2665"]
[WhiteFideId "20000197"]
[BlackFideId "13306766"]
[EventDate "2025.12.29"]

1. e4 e5 2. Nf3 Nc6 3. Bb5 a6 4. Ba4 Nf6 5. O-O Be7 6. d3 b5 7. Bb3 O-O 8. a4 b4
9. a5 d6 10. h3 Rb8 11. Nbd2 Be6 12. Re1 Bxb3 13. Nxb3 Re8 14. Bg5 Nd7 15. Bd2
Bf8 16. d4 exd4 17. Nbxd4 Nxd4 18. Nxd4 Ne5 19. Qe2 c5 20. Nf5 Rb5 21. Ne3 Rxa5
22. Nd5 Nc6 23. c3 Rxa1 24. Rxa1 a5 25. Qb5 Qc8 26. f3 Re6 27. Bf4 Rg6 28. Kh2
h5 29. Rd1 Re6 30. Ne3 g6 31. Nc4 Ne5 32. Bxe5 dxe5 33. Qxa5 Re8 34. cxb4 cxb4
35. b3 Qe6 36. Qd5 Qf6 37. Kh1 h4 38. Ne3 Rc8 39. Ng4 Qf4 40. Qxe5 Qxe5 41. Nxe5
Rc3 42. Rd3 f6 43. Rxc3 bxc3 44. Nd3 c2 45. Kg1 Ba3 46. Kf2 Kf7 47. g3 hxg3+ 48.
Kxg3 c1=Q 49. Nxc1 Bxc1 50. f4 Ke6 51. Kf3 f5 52. b4 Ba3 53. b5 Bc5 54. h4 Kf6
55. h5 gxh5 56. exf5 Kxf5 57. Kg2 Kxf4 58. Kh1 Kg3 59. b6 Bxb6 1/2-1/2

[Event "World Blitz 2025"]
[Site "Doha QAT"]
[Date "2025.12.30"]
[Round "15.41"]
[White "Naiditsch, Arkadij"]
[Black "Mendonca, Leon Luke"]
[Result "1/2-1/2"]
[WhiteTitle "GM"]
[BlackTitle "GM"]
[WhiteElo "2574"]
[BlackElo "2615"]
[WhiteFideId "4650891"]
[BlackFideId "35028561"]
[EventDate "2025.12.29"]

1. e4 c5 2. Nf3 d6 3. Bb5+ Bd7 4. c4 Nf6 5. Nc3 g6 6. d4 cxd4 7. Nxd4 Bg7 8. O-O
O-O 9. h3 Bxb5 10. cxb5 a6 11. Qe2 axb5 12. Ndxb5 Nc6 13. Rd1 Nd7 14. Be3 Qa5
15. a3 Rfc8 16. Rac1 Nf6 17. f3 Ne5 18. Bd4 Ned7 19. Kh2 Rc6 20. b4 Qd8 21. Be3
h5 22. Nd5 Nxd5 23. exd5 Rcc8 24. Qd2 Be5+ 25. f4 Bg7 26. Rxc8 Rxc8 27. Rc1 Nf6
28. Qd3 h4 29. a4 Rxc1 30. Bxc1 Nh5 31. a5 Qd7 32. Qc4 Qf5 33. Na7 Kh7 34. Nc8
Bf6 35. b5 g5 36. a6 bxa6 37. bxa6 gxf4 38. Nxe7 Bxe7 39. a7 f3 40. a8=Q f2 41.
Qaa6 Ng3 42. Bf4 f1=Q 43. Qxf1 Nxf1+ 44. Qxf1 Qxd5 45. Qb1+ Kg8 46. Qc2 Qe6 47.
Qd3 Kg7 48. Qd4+ Kg8 49. Qd3 Kg7 50. Qd4+ Kg6 51. Qd2 d5 52. Qd3+ Kg7 53. g3
hxg3+ 54. Kxg3 Bf6 55. h4 d4 56. h5 Be5 57. h6+ Kg8 58. Qf3 Qg6+ 59. Kf2 Qc2+
60. Kg3 Qg6+ 61. Kf2 Bf6 62. Qd5 Qc2+ 63. Kg3 Qg6+ 64. Kf3 Qd3+ 65. Kf2 Qc2+ 66.
Kg3 Qg6+ 67. Kf3 Kh7 68. Qe4 Bh8 69. Qxg6+ Kxg6 70. Ke4 f5+ 71. Kd3 Kh5 72. Bc1
Bf6 73. Bd2 Kg4 74. Bc1 Be5 75. Ba3 Kh5 76. Bc1 Bf6 77. Bd2 Kg4 78. Bc1 f4 79.
Ba3 f3 80. Bf8 f2 81. Ke2 Kg3 82. Kf1 d3 83. Bb4 Kf3 84. Bd2 Bd4 85. h7 Bg7 86.
Bc1 Bf6 87. Bd2 Bg7 88. Bc1 Be5 89. Bd2 Bd4 90. Bc1 Bc3 91. Bg5 Bg7 92. Bd2 Bd4
93. Bc1 Ke4 94. Bd2 Kf5 95. Be3 Bg7 96. Kxf2 Kg6 97. Ke1 Kxh7 98. Kd2 1/2-1/2

[Event "World Blitz 2025"]
[Site "Doha QAT"]
[Date "2025.12.30"]
[Round "15.42"]
[White "Zverev, Lev"]
[Black "Pantsulaia, Levan"]
[Result "0-1"]
[WhiteTitle "IM"]
[BlackTitle "GM"]
[WhiteElo "2453"]
[BlackElo "2472"]
[WhiteFideId "24250775"]
[BlackFideId "13602071"]
[EventDate "2025.12.29"]

1. e4 c6 2. d4 d5 3. e5 Bf5 4. Nf3 e6 5. Be2 Nd7 6. O-O Ne7 7. Nbd2 Ng6 8. Nb3
f6 9. Ne1 h5 10. f4 h4 11. c3 Qb6 12. Bd3 Ne7 13. Kh1 O-O-O 14. Nc2 Bxd3 15.
Qxd3 Nf5 16. Ne3 g6 17. Bd2 Qc7 18. Rae1 Ng3+ 19. Kg1 Nxf1 20. Nxf1 f5 21. Be3
c5 22. Nbd2 Kb8 23. Nf3 Be7 24. N1d2 Rc8 25. Kh1 h3 26. g3 Qb6 27. c4 Qa6 28. b3
cxd4 29. Nxd4 Bb4 30. Rd1 Nc5 31. Qc2 Bxd2 32. Qxd2 Ne4 33. Qb4 Qxa2 34. Rg1
dxc4 35. Nb5 Qe2 36. Bxa7+ Ka8 0-1

[Event "World Blitz 2025"]
[Site "Doha QAT"]
[Date "2025.12.30"]
[Round "15.43"]
[White "Hovhannisyan, Robert"]
[Black "Agmanov, Zhandos"]
[Result "1-0"]
[WhiteTitle "GM"]
[BlackTitle "IM"]
[WhiteElo "2621"]
[BlackElo "2471"]
[WhiteFideId "13302507"]
[BlackFideId "13708309"]
[EventDate "2025.12.29"]

1. e4 e6 2. d4 d5 3. Nc3 Nf6 4. Bg5 dxe4 5. Nxe4 Be7 6. Nxf6+ Bxf6 7. Bxf6 Qxf6
8. c3 O-O 9. Qf3 Qxf3 10. Nxf3 Nd7 11. O-O-O c5 12. Bb5 cxd4 13. Rxd4 Nf6 14.
Ne5 b6 15. Bc6 Rb8 16. Rhd1 Bb7 17. Bxb7 Rxb7 18. Nd7 Re8 19. Nxf6+ gxf6 20. Kc2
f5 21. Rd7 Re7 22. Rxb7 Rxb7 23. c4 Kg7 24. Kc3 Kf6 25. b4 Rc7 26. a4 Ke7 27. a5
bxa5 28. b5 a6 29. b6 Rd7 30. Rb1 Rb7 31. c5 Kd7 32. Kb3 Kc6 33. Ka4 Rd7 34.
Kxa5 Rd2 35. Ra1 Rd8 36. g3 h5 37. Ra2 Kb7 38. c6+ Kxc6 39. Rc2+ Kb7 40. Rc7+
Kb8 41. Kxa6 Rd2 42. Rb7+ Ka8 43. Rxf7 Ra2+ 44. Kb5 Rxf2 45. h4 Rf3 46. Kc6 Rc3+
47. Kd7 Kb7 48. Kxe6+ Kxb6 49. Rg7 Rf3 50. Ke5 Kc6 51. Rg5 Kd7 52. Rg7+ Ke8 53.
Ke6 Kf8 54. Rg5 Re3+ 55. Kxf5 1-0

[Event "World Blitz 2025"]
[Site "Doha QAT"]
[Date "2025.12.30"]
[Round "15.44"]
[White "Pranav, Anand"]
[Black "Zemlyanskii, Ivan"]
[Result "1-0"]
[WhiteTitle "GM"]
[BlackTitle "GM"]
[WhiteElo "2591"]
[BlackElo "2592"]
[WhiteFideId "46626786"]
[BlackFideId "24249971"]
[EventDate "2025.12.29"]

1. e4 e5 2. Nf3 Nc6 3. Bb5 a6 4. Ba4 Nf6 5. O-O Be7 6. d3 b5 7. Bb3 d6 8. c3 O-O
9. h3 h6 10. Bc2 Re8 11. Re1 Bf8 12. a4 b4 13. a5 Rb8 14. Nbd2 d5 15. Ba4 Bd7
16. Qc2 bxc3 17. bxc3 dxe4 18. dxe4 Na7 19. Nc4 Bxa4 20. Rxa4 Rb5 21. Be3 Nc6
22. Raa1 Qd7 23. Nfd2 Qe6 24. Reb1 Reb8 25. Rxb5 Rxb5 26. Rb1 Qc8 27. Ra1 Qe6
28. Qd3 Bc5 29. Bxc5 Rxc5 30. Rb1 Nxa5 31. Nxa5 Rxa5 32. Qd8+ Kh7 33. Qxc7 Ra2
34. Rb6 Qe8 35. Rd6 a5 36. Qc4 Ra1+ 37. Kh2 Qe7 38. Ra6 Qb7 39. Nb3 Ra3 40. Nc5
Qc7 41. Ra8 Kg6 42. Rf8 Qe7 43. Rc8 Qd6 44. Nd3 Kh7 45. Rc5 Nd7 46. Rd5 Qe7 47.
Qc7 Qf6 48. Rxd7 1-0

[Event "World Blitz 2025"]
[Site "Doha QAT"]
[Date "2025.12.30"]
[Round "15.45"]
[White "Stribuk, Artiom"]
[Black "Giri, Anish"]
[Result "0-1"]
[WhiteTitle "IM"]
[BlackTitle "GM"]
[WhiteElo "2476"]
[BlackElo "2760"]
[WhiteFideId "13515659"]
[BlackFideId "24116068"]
[EventDate "2025.12.29"]

1. c4 Nf6 2. g3 e6 3. Bg2 d5 4. Nf3 Be7 5. O-O O-O 6. b3 a5 7. Nc3 c6 8. Bb2
Nbd7 9. d3 h6 10. e3 Re8 11. Qe2 b6 12. Rfd1 Qc7 13. Rac1 Qb8 14. e4 dxe4 15.
dxe4 e5 16. Nh4 Nc5 17. h3 Bf8 18. Kh2 a4 19. b4 a3 20. Ba1 Ne6 21. b5 Nd4 22.
Qe1 c5 23. Nf5 Bxf5 24. exf5 e4 25. Nd5 Nxd5 26. cxd5 Nxf5 27. Rc4 Nd6 28. Rc2
Ra4 29. Re2 h5 30. Kg1 Qd8 31. Qd2 Be7 32. Qc2 Rc4 33. Qb3 Bf6 34. Bxf6 Qxf6 35.
Qxa3 Rd4 36. Rde1 Nxb5 37. Qa6 Nc3 38. Re3 Rd2 39. Rf1 g6 40. Qb7 Nxd5 41. Rxe4
Rxe4 42. Bxe4 Nc3 43. a3 h4 44. gxh4 Qxh4 45. Bg2 Qf6 46. Qb8+ Kg7 47. Qc7 Ne2+
48. Kh1 Nf4 49. Qb7 Rd3 50. Kg1 Qd6 0-1

[Event "World Blitz 2025"]
[Site "Doha QAT"]
[Date "2025.12.30"]
[Round "15.46"]
[White "Andreikin, Dmitry"]
[Black "Kozak, Adam"]
[Result "1-0"]
[WhiteTitle "GM"]
[BlackTitle "GM"]
[WhiteElo "2710"]
[BlackElo "2546"]
[WhiteFideId "4158814"]
[BlackFideId "753246"]
[EventDate "2025.12.29"]

1. e4 e5 2. Nf3 Nc6 3. Nc3 Nf6 4. d4 exd4 5. Nxd4 Bc5 6. Be3 Bb6 7. Qd3 O-O 8.
Be2 Re8 9. O-O-O Ne5 10. Qd2 Ba5 11. f3 d6 12. Nb3 Bb6 13. Bg5 h6 14. Bf4 Ng6
15. Be3 Be6 16. Kb1 Bxe3 17. Qxe3 Nd7 18. h4 Qf6 19. Nd4 a6 20. h5 Nge5 21. f4
Nc6 22. Nxe6 Qxe6 23. g4 Nc5 24. Bf3 Rac8 25. Rdg1 Na5 26. g5 Kh8 27. Bg4 Qc4
28. Bxc8 Qb4 29. a3 Qb6 30. Nd5 Qc6 31. gxh6 Qxd5 32. hxg7+ Kg8 33. exd5 1-0

[Event "World Blitz 2025"]
[Site "Doha QAT"]
[Date "2025.12.30"]
[Round "15.47"]
[White "Gholami Orimi, Mahdi"]
[Black "Harikrishna, Pentala"]
[Result "1-0"]
[WhiteTitle "GM"]
[BlackTitle "GM"]
[WhiteElo "2515"]
[BlackElo "2693"]
[WhiteFideId "12558486"]
[BlackFideId "5007003"]
[EventDate "2025.12.29"]

1. d4 Nf6 2. c4 e6 3. Nc3 Bb4 4. e3 c5 5. Ne2 cxd4 6. exd4 d5 7. c5 O-O 8. a3
Ba5 9. g3 Nc6 10. Bg2 e5 11. dxe5 Nxe5 12. b4 Bc7 13. O-O h6 14. Nf4 Bg4 15. f3
Bf5 16. Nfxd5 Nd3 17. f4 a5 18. Nxc7 Qd4+ 19. Kh1 Ng4 20. Ra2 Rad8 21. N7b5
Ngf2+ 22. Raxf2 Nxf2+ 23. Rxf2 Qxf2 24. Qf1 Qc2 25. Be3 axb4 26. axb4 Bd3 27.
Qf2 Qxf2 28. Bxf2 Bxb5 29. Nxb5 Rd1+ 30. Bg1 Re8 31. Bf3 Rf1 32. Kg2 Rb1 33. Nd6
Ree1 34. Bf2 Rec1 35. Bxb7 Rxb4 36. Bd5 Rb2 37. Nc4 Re2 38. Kf3 Rec2 39. Ne5 Rf1
40. Nd3 Rc3 41. Ke2 Rxd3 42. Kxd3 Rxf2 43. c6 Rf1 44. c7 Rd1+ 45. Kc2 Rxd5 46.
c8=Q+ Kh7 47. Qb7 Rf5 48. Qe4 g6 49. g4 Rf6 50. Kd3 Rd6+ 51. Kc4 Re6 52. Qd4 Kg8
53. f5 Rc6+ 54. Kd5 Rc8 55. Qf6 gxf5 56. gxf5 Ra8 57. Qxh6 Ra5+ 58. Ke4 Ra4+ 59.
Kf3 Ra3+ 60. Kf4 Ra4+ 61. Kg5 Ra2 62. Qd6 Rg2+ 63. Kf6 Rg7 64. h4 Kh7 65. Qf4
Kg8 66. h5 Kh7 67. h6 Rg8 68. Kxf7 Ra8 69. Qd4 Rg8 70. Qg7+ 1-0

[Event "World Blitz 2025"]
[Site "Doha QAT"]
[Date "2025.12.30"]
[Round "15.48"]
[White "Ivanchuk, Vasyl"]
[Black "Klukin, Kirill"]
[Result "0-1"]
[WhiteTitle "GM"]
[BlackTitle "IM"]
[WhiteElo "2607"]
[BlackElo "2414"]
[WhiteFideId "14100010"]
[BlackFideId "24199273"]
[EventDate "2025.12.29"]

1. d4 e6 2. c4 f5 3. g3 Nf6 4. Bg2 c6 5. Nf3 d5 6. Bf4 Be7 7. O-O O-O 8. Nc3 Ne4
9. Nd2 Nd7 10. Ndxe4 fxe4 11. Qb3 Kh8 12. Rac1 Nb6 13. c5 Nd7 14. Na4 Bf6 15.
Rfd1 Qe8 16. Bd6 Rf7 17. f3 exf3 18. exf3 Be7 19. Bxe7 Qxe7 20. Re1 Qf6 21. Qe3
Nf8 22. f4 Bd7 23. b4 Re7 24. Nb2 Be8 25. Nd3 a5 26. Re2 axb4 27. Nxb4 Bg6 28.
Rce1 Ra4 29. a3 Re8 30. Rc1 Nd7 31. Rc3 Qf7 32. Qd2 Nf6 33. Re5 Be4 34. Bf1 Ng4
35. Qc1 0-1

[Event "World Blitz 2025"]
[Site "Doha QAT"]
[Date "2025.12.30"]
[Round "15.49"]
[White "Alexakis, Dimitris"]
[Black "Iturrizaga Bonelli, Eduardo"]
[Result "0-1"]
[WhiteTitle "GM"]
[BlackTitle "GM"]
[WhiteElo "2544"]
[BlackElo "2592"]
[WhiteFideId "4277023"]
[BlackFideId "3901211"]
[EventDate "2025.12.29"]

1. e4 c6 2. d4 d5 3. e5 Bf5 4. Nd2 e6 5. Nb3 Nd7 6. Nf3 c5 7. dxc5 Bxc5 8. Nxc5
Qa5+ 9. c3 Qxc5 10. Nd4 Ne7 11. Bb5 Qc7 12. Bxd7+ Qxd7 13. Bg5 Nc6 14. Nxf5 exf5
15. O-O O-O 16. f4 Nd8 17. Rf3 Ne6 18. Rg3 Nxg5 19. Rxg5 Rac8 20. Qd3 g6 21. Rd1
Rfd8 22. Rg3 Qa4 23. Rf1 Qxa2 24. Qxf5 Qxb2 25. Qg5 Re8 26. h4 Rxc3 27. Rg4 Rc1
28. Rxc1 Qxc1+ 29. Kh2 h5 30. Rg3 d4 31. Qf6 Qc6 32. Qg5 Qe4 33. Qf6 d3 34. Rf3
d2 35. Qd6 Qe1 36. Rg3 Re6 37. Qd8+ Kg7 38. f5 d1=Q 39. Rxg6+ Rxg6 40. f6+ Kh7 0-1

[Event "World Blitz 2025"]
[Site "Doha QAT"]
[Date "2025.12.30"]
[Round "15.50"]
[White "Dominguez Perez, Leinier"]
[Black "Khubukshanov, Erdem"]
[Result "1/2-1/2"]
[WhiteTitle "GM"]
[BlackTitle "IM"]
[WhiteElo "2738"]
[BlackElo "2502"]
[WhiteFideId "3503240"]
[BlackFideId "54114527"]
[EventDate "2025.12.29"]

1. e4 c5 2. Nf3 d6 3. d4 cxd4 4. Nxd4 Nf6 5. Nc3 a6 6. Be2 e5 7. Nb3 Be7 8. Be3
Be6 9. f4 exf4 10. Bxf4 Nc6 11. Qd2 d5 12. exd5 Nxd5 13. Nxd5 Qxd5 14. O-O-O
Qxd2+ 15. Rxd2 O-O 16. Bf3 Rac8 17. Rhd1 Rfe8 18. Kb1 h6 19. a3 Bf5 20. Kc1 g5
21. Bd6 Bf6 22. h3 b6 23. Rf2 Be5 24. Bxc6 Rxc6 25. Bxe5 Rxe5 26. Rd8+ Kg7 27.
Nd4 Rf6 28. Kd2 Be4 29. Re2 Rd5 30. Rxd5 Bxd5 31. Ke3 h5 32. g3 Kg6 33. Rf2 Rd6
34. h4 f6 35. b3 Rd8 36. c4 Bb7 37. b4 Re8+ 38. Kd3 Re1 39. c5 bxc5 40. bxc5 Rg1
41. Ne2 Ra1 42. Kc4 Rxa3 43. hxg5 fxg5 44. Rf8 Ra4+ 45. Kc3 Rg4 46. Rd8 Bf3 47.
Nd4 Rxg3 48. Nxf3 Rxf3+ 49. Kb4 Rf6 50. Kc4 h4 51. Kd5 h3 52. Rh8 g4 53. c6 Rf7
54. Kd6 Kg5 55. c7 Rxc7 56. Kxc7 Kf4 57. Kd6 Kg3 58. Ke5 Kg2 59. Kf4 g3 60. Rg8
h2 61. Rxg3+ Kf2 62. Rh3 Kg2 63. Rg3+ Kf2 1/2-1/2

[Event "World Blitz 2025"]
[Site "Doha QAT"]
[Date "2025.12.30"]
[Round "15.51"]
[White "Kosakowski, Jakub"]
[Black "Aravindh, Chithambaram VR."]
[Result "0-1"]
[WhiteTitle "GM"]
[BlackTitle "GM"]
[WhiteElo "2549"]
[BlackElo "2703"]
[WhiteFideId "1185080"]
[BlackFideId "5072786"]
[EventDate "2025.12.29"]

1. e4 c5 2. Nf3 Nc6 3. Bc4 d6 4. O-O Nf6 5. Re1 Bg4 6. h3 Bh5 7. c3 e6 8. d4
cxd4 9. cxd4 Bxf3 10. gxf3 d5 11. Bb5 Be7 12. e5 Nh5 13. f4 g6 14. Nc3 Ng7 15.
Be3 O-O 16. Bd3 f6 17. Qg4 Qb6 18. Rad1 Rf7 19. f5 gxf5 20. Qg2 fxe5 21. dxe5 d4
22. Bc4 Kh8 23. Nd5 exd5 24. Bxd5 dxe3 25. Rxe3 Rff8 26. Rb3 Qc7 27. Bxc6 Qxc6
28. Rxb7 Qxg2+ 29. Kxg2 Bc5 30. b4 Bb6 31. Rdd7 Rg8 32. a4 Ne6+ 33. Kf1 Rg7 34.
Rxg7 Nxg7 35. a5 Bd4 36. Re7 Re8 37. Rd7 Ne6 38. b5 Kg8 39. h4 Rb8 40. b6 axb6
41. a6 b5 42. Re7 Nf8 43. e6 Ra8 0-1